Bibi Blocksberg Hörspiele - Alle Folgentitel - Statistiken

Allgemein
  • Dieses Quiz wurde 59 mal gespielt
  • Das Durchschnittsergebnis liegt bei 46 aus 159
Antwortstatistiken
Nr Titel % Korrekt
1 Hexen gibt es doch
92%
12 hat Geburtstag
86%
3 Die Zauberlimonade
73%
9 verliebt sich
73%
16 Das Schulfest
65%
19 Das Sportfest
65%
6 Die Kuh im Schlafzimmer
65%
79 Papis Geburtstag
65%
14 in Amerika
62%
58 und das Dino-Ei
62%
17 Der kleine Hexer
59%
55 Mamis Geburtstag
59%
41 Ohne Mami geht es nicht
59%
21 zieht um
59%
4 Der Bankräuber
57%
36 Die weißen Enten
57%
7 heilt den Bürgermeister
57%
2 Hexerei in der Schule
57%
25 reißt aus
57%
24 und der Supermarkt
57%
52 Wo ist Kartoffelbrei?
57%
33 als Babysitter
54%
11 Der Schulausflug
54%
67 Der weiße Kakadu
54%
28 im Dschungel
54%
20 Papa ist weg
54%
88 Superpudel Puck
54%
78 und Elea Eluanda
54%
10 Bibis neue Freundin
51%
49 Der Hexengeburtstag
51%
64 Die neue Schule
51%
26 Die Schnitzeljagd
51%
69 Verhexte Weihnachten
51%
127 zieht aus
51%
18 Auf dem Hexenberg
49%
74 Der Brieffreund
49%
125 Der Strandurlaub
49%
104 Der verhexte Bürgermeister
49%
27 Die verhexte Hitparade
49%
31 Auf der Märcheninsel
46%
139 Chaos am Flughafen
46%
34 darf nicht hexen
46%
35 Der Hexenfluch
46%
75 Die neue Lehrerin
46%
8 Die Schlossgespenster
46%
48 ist krank
46%
22 3x schwarzer Kater
43%
32 als Prinzessin
43%
60 Der Geisterkater
43%
50 im Orient
43%
81 Mami in Not
43%
23 und der Autostau
43%
68 und die Piraten
43%
138 Urlaub am See
43%
145 Etwas andere Weihnachten
41%
91 Maritas Geheimnis
41%
39 Unverhofftes Wiedersehen
41%
45 Das Lufttaxi
38%
15 Die schwarzen Vier
38%
76 Schubia dreht durch
38%
124 Das verrückte Huhn
35%
72 Der verhexte Kalender
35%
56 Der Wetterfrosch
35%
38 Die Weihnachtsmänner
35%
116 Im Wald der Hexenbesen
35%
115 Urlaub in der Hexenpension
35%
51 wird entführt
35%
47 Das Reitturnier
32%
106 Der verrückte Staubsauger
32%
90 Oma Grete sorgt für Wirbel
32%
142 UFOs über Neustadt
32%
93 braucht Hilfe
30%
65 Das Wettfliegen
30%
5 Ein verhexter Urlaub
30%
73 Freitag, der 13.
30%
134 Hexen unter Verdacht
30%
42 im Zirkus
30%
59 und Dino
30%
29 Der neue Hexenbesen
27%
121 Der neue Schulgarten
27%
113 Die Hexprüfung
27%
87 Die vertauschte Hexenkugel
27%
40 und die Vampire
27%
37 Der Flohmarkt
24%
43 Der Reiterhof Teil 1
24%
44 Der Reiterhof Teil 2
24%
13 Ein verhexter Sonntag
24%
133 Im Modeatelier
24%
46 Karla gibt nicht auf
24%
141 Mit Papi allein zu Haus
24%
62 Das feuerrote Nashorn
22%
131 Das verhexte Handy
22%
66 Das verhexte Osterei
22%
105 Die Hexenküche
22%
110 und die kleine Elfe
19%
149 Zottel ist weg
19%
53 Der Superhexspruch
16%
54 Die Computerhexe
16%
107 Die Geheimsprache
16%
77 Im Hexeninternat
16%
30 in der Ritterzeit
16%
120 Der Affe ist los
14%
132 Die Walpurgisnacht
14%
57 Der blaue Brief
11%
109 Der Hexenball
11%
155 Die Hexenbürgermeisterin
11%
71 Die Hexenschule
11%
83 Die Klassenreise
11%
148 Die Übungshexenkugel
11%
63 Die Wahrsagerin
11%
86 Kann Papi hexen?
11%
150 Neustadt in Gefahr
11%
61 Der Flaschengeist
8%
114 Der verhexte Wandertag
8%
89 Die Junghexenbande
8%
98 Die Prinzessinnen von Thunderstorm
8%
97 Überraschung für Mami
8%
70 Das gestohlene Hexenkraut
5%
84 Das Hexenhoroskop
5%
80 Das Schmusekätzchen
5%
96 Das traurige Einhorn
5%
108 Der Familienausflug
5%
118 Die Austauschschülerin
5%
102 Die Ballett-Tanzgruppe
5%
100 Die große Hexenparty
5%
99 Die kleine Spürnase
5%
82 Hexspruch mit Folgen
5%
159 Ins Bild gehext!
5%
143 Zurück zur Märcheninsel
5%
140 Alles voll verhext
3%
128 Ausgehext!
3%
154 Besuch in London
3%
122 Chaos im Hexeninternat
3%
92 Das geheimnisvolle Schloss
3%
112 Das TV-Hex-Duell
3%
126 Das wilde Schlittenrennen
3%
158 Der fliegende Bürgermeister
3%
146 Der Hexenbesenausflug
3%
111 Der Hexenbesen-Dieb
3%
103 Der Hexenschatz
3%
144 Der Klimawettbewerb
3%
117 Die Besenflugprüfung
3%
85 Die Hundebabys
3%
153 Die neuen Klassensprecher
3%
95 Die verbotene Hexeninsel
3%
94 Die verhexte Zeitreise
3%
152 Die verrückte Autofahrt
3%
129 Ein sensationelles Team
3%
137 Ein verrückter Ausflug
3%
135 Freunde in Gefahr
3%
136 Im verhexten Winterwald
3%
130 Mami spielt verrückt
3%
123 Oma Grete in Gefahr
3%
151 rettet das Hexenfest
3%
147 Rettung der Junghexeninsel
3%
157 Team Blocksberg
3%
119 und der Feuerdrache
3%
101 und Piraten-Lilly
3%
156 Die Vertretungshexlehrerin
0%
Keine übereinstimmenden Quizze gefunden
Verteilung der Resultate
Anzahl Personen mit jedem Resultat
Perzentil nach korrekt beantworteten Fragen
Ihre Resultats-Entwicklung
Sie haben dieses Quiz noch nicht gespielt